000 00773nam a22002657a 4500
001 BR8007445
003 BR-BrBNA
005 20230928090845.0
007 ta
008 230509b bl.||||| |||| 00| 0 por d
040 _aBR-BrBNA
_bpor
_cBiblioteca Nacional de Agricultura
041 _a(Por)
072 _aE50
090 _ E50 BR8007445
100 1 _aPessotti, A.L.
110 1 _aUniversidade Federal de Vicosa, MG (Brasil). Depto. de Educacao
_910980
245 1 _aCustos sociais da escolarizacao no meio rural. O caso da escola familia
_bno. 32
260 3 _aVicosa, MG (Brasil):
_c1980.
300 _a9 p.
650 _aCOMUNIDADE RURAL
650 _aENSINO AGRICOLA
650 _aCUSTO OPERACIONAL
909 _a202309
_bLucia
_c55
_dLucia Elande
942 _cBK
999 _c30933
_d30933